|
|
|
|
| LEADER |
00978naa a2200313 a 4500 |
| 001 |
000000341 |
| 003 |
SVKKK |
| 005 |
20071029134358.0 |
| 008 |
030616c1989 xr e czeo |
| FMT |
|
|
|
| 038 |
|
|
|a SVKKK
|
| 040 |
|
|
|a SVKKK
|b slo
|e AACR2
|
| 041 |
0 |
|
|a cze
|
| 044 |
|
|
|a xr
|c SK
|
| 080 |
|
|
|a 55-051(437.1)
|2 1981
|
| 100 |
1 |
|
|a Kopečný, Václav
|4 aut
|
| 245 |
1 |
0 |
|a Šedesátiny doc. RNDr. Jaroslava Skácela, CSc.
|c Kopečný Václav, Pek Ilja
|
| 300 |
|
|
|b Fot. 1, lit. 142 zázn. v rôzn. jaz.
|
| 500 |
|
|
|a Olomouc, Univerzita Palackého
|
| 600 |
1 |
4 |
|a Skácel, Jaroslav,
|x geológ český
|x hodnotenie práce
|x zoznam publikácií
|
| 650 |
0 |
4 |
|a geológia
|x osobnosti
|
| 700 |
1 |
|
|a Pek, Ilja
|4 aut
|
| 773 |
0 |
|
|t Acta Universitatis Palackianae Olomucensis, Facultas Rerum Naturalium, 95
|d Praha : Státní pedagogické nakladatelství, 1989
|g S. 7-13
|
| 958 |
|
|
|a NP
|
| 974 |
|
|
|d 940927
|a 245/259
|
| 992 |
|
|
|a RZB
|
| BAS |
|
|
|
| 852 |
|
|
|a SVKKK
|b BIB
|
| 998 |
|
|
|a GEO
|